Vista normal Vista MARC

Entrada Topical Term

Número de registros utilizados en: 3

001 - CONTROL NUMBER

  • control field: 8813

003 - CONTROL NUMBER IDENTIFIER

  • control field: OSt

005 - DATE AND TIME OF LATEST TRANSACTION

  • control field: 20230915225930.0

008 - FIXED-LENGTH DATA ELEMENTS

  • fixed length control field: 230915|| aca||aabn | a|a d

040 ## - CATALOGING SOURCE

  • Original cataloging agency: OSt
  • Transcribing agency: OSt

150 ## - HEADING--TOPICAL TERM

  • Topical term or geographic name entry element: REGIONES - CONFORMACION

670 ## - SOURCE DATA FOUND

  • Source citation: Work cat.: (OSt)20370: DE LA CALLE LOMBANA, HUMBERTO 8810, NORMAS PARA LA CREACION Y FUNCIONAMIENTO DE LAS REGIONES PROYECTO DE LEY, 1992









Instituto Departamental de Cultura del Meta - Red Departamental de Bibliotecas Públicas del Meta.